Precis de mecanique rationnelle a l'usage des facultés des sciences / (Record no. 35820)
[ view plain ]
| 000 -LEADER | |
|---|---|
| campo de control de longitud fija | 00664nam a2200181 i 4500 |
| 001 - NÚMERO DE CONTROL | |
| campo de control | 35820 |
| 003 - IDENTIFICADOR DE NÚMERO DE CONTROL | |
| campo de control | ES-MaACL |
| 005 - FECHA Y HORA DE LA ÚLTIMA TRANSACCIÓN | |
| campo de control | 20230906155224.0 |
| 007 - CAMPO FIJO DE DESCRIPCIÓN FÍSICA--INFORMACIÓN GENERAL | |
| campo de control de longitud fija | t| |
| 008 - DATOS DE LONGITUD FIJA--INFORMACIÓN GENERAL | |
| campo de control de longitud fija | 030214s1937 fr ||||1| fre d |
| 100 1# - ENTRADA PRINCIPAL--NOMBRE DE PERSONA | |
| Nombre de persona | Bouligand, Georges. |
| 9 (RLIN) | 30918 |
| 245 10 - MENCIÓN DEL TÍTULO | |
| Título | Precis de mecanique rationnelle a l'usage des facultés des sciences / |
| Mención de responsabilidad, etc. | par Georges Bouligand ; avec un choix de problemes redigés avec la collaboration de Jean Dollon. |
| 250 ## - MENCION DE EDICION | |
| Mención de edición | 2ème ed. revue et augmentée. |
| 260 ## - PUBLICACIÓN, DISTRIBUCIÓN, ETC. | |
| Lugar de publicación, distribución, etc. | Paris : |
| Nombre del editor, distribuidor, etc. | Vuibert, |
| Fecha de publicación, distribución, etc. | 1937 ( |
| Lugar de fabricación/manufactura | Chartres : |
| Fabricante | Durand) |
| 300 ## - DESCRIPCIÓN FÍSICA | |
| Extensión | VIII, 342 p. : |
| Otras características físicas | il. ; |
| Dimensiones | 25 cm. |
| 700 1# - ENTRADA AGREGADA--NOMBRE PERSONAL | |
| Nombre de persona | Dollon, Jean M. |
| 9 (RLIN) | 45040 |
| 852 ## - LOCALIZACIÓN | |
| Ubicación | ES-MaACL |
| Número de control de estantería | C-3909 |
| Sublocalización o colección | R.23634 |
| Estatus retirado | Estado de pérdida | Estado de daño | No para préstamo | Biblioteca de origen | Biblioteca actual | Ubicación en estantería | Fecha de adquisición | Fuente de adquisición | Total de préstamos | Signatura topográfica completa | Código de barras | Visto por última vez | Precio de reemplazo | Tipo de ítem Koha |
|---|---|---|---|---|---|---|---|---|---|---|---|---|---|---|
| Biblioteca del Ateneo de Madrid | Biblioteca del Ateneo de Madrid | Sala Palomar | 17/01/2008 | C-3909 | 1037528 | 23/02/2023 | 23/02/2023 | Libro impreso |
